[Event "BIH-chT1"]
[Site "Dvorovi"]
[Date "2016.08.10"]
[Round "5"]
[White "Borojevic, Dragoljub"]
[Black "Stojicic, Slavko"]
[Result "1-0"]
[WhiteElo "2209"]
[BlackElo "2114"]
[PlyCount "111"]
[EventDate "2016.08.06"]
[EventType "team-tourn"]
[EventRounds "9"]
[EventCountry "BIH"]
[SourceTitle "CBM 174 Extra"]
[Source "ChessBase"]
[SourceDate "2016.10.10"]
[SourceVersion "1"]
[SourceVersionDate "2016.10.10"]
[SourceQuality "1"]

1. e4 c6 2. d4 d5 3. Nc3 dxe4 4. Nxe4 Bf5 5. Ng3 Bg6 6. Nf3 Nd7 7. Bd3 Bxd3 8. Qxd3 e6 9. 0-0 Be7 10. Re1 Ngf6 11. Bf4 0-0 12. Rad1 h6 13. c4 Re8 14. a3 Bf8 15. Qc2 Rc8 16. Ne5 b5 17. Nxd7 Qxd7 18. Be5 Ng4 19. h3 Nxe5 20. dxe5 Qc7 21. c5 Rcd8 22. f4 Rxd1 23. Rxd1 Rd8 24. Ne4 Rxd1+ 25. Qxd1 a5 26. Qd2 a4 27. Qd4 Be7 28. g3 Qa7 29. Kg2 Qc7 30. Kf3 Bf8 31. h4 h5 32. Nd6 Be7 33. Ne4 Kf8 34. Kf2 Qa7 35. Ke2 Kg8 36. Kd2 Qa5+ 37. Qb4 Qxb4+ 38. axb4 Kf8 39. Kc2 Bd8 40. b3 axb3+ 41. Kxb3 g6 42. Kc3 Bc7 43. Kd4 Bd8 44. Nd6 Bc7 45. Nc8 Ke8 46. Ke4 Bb8 47. Kf3 Bc7 48. Nd6+ Kf8 49. g4 hxg4+ 50. Kxg4 Bd8 51. Ne4 Kg7 52. Nd6 Kf8 53. Nb7 Be7 54. Na5 f5+ 55. Kg3 Bd8 56. Nxc6 1-0

[Event "BIH-chT Cup"]
[Site "Banja Vrucica"]
[Date "2013.08.16"]
[Round "7"]
[White "Radulovic, Drazen"]
[Black "Stojicic, Slavko"]
[Result "1-0"]
[WhiteElo "2161"]
[BlackElo "2115"]
[PlyCount "83"]
[EventDate "2013.08.10"]
[EventType "team-tourn"]
[EventRounds "9"]
[EventCountry "BIH"]
[SourceTitle "CBM 155 Extra"]
[Source "ChessBase"]
[SourceDate "2013.08.26"]
[SourceVersion "1"]
[SourceVersionDate "2013.08.26"]
[SourceQuality "1"]

1. e4 c6 2. d4 d5 3. Nd2 dxe4 4. Nxe4 Bf5 5. Ng3 Bg6 6. Bc4 e6 7. N1e2 Bd6 8. c3 Qc7 9. Be3 Nf6 10. Qd2 Nbd7 11. h4 h6 12. Nf4 Bh7 13. Nfh5 0-0-0 14. Qe2 Nd5 15. Bxd5 exd5 16. Qg4 g6 17. Nf6 h5 18. Qh3 Kb8 19. Nxd7+ Rxd7 20. 0-0 Re7 21. Bg5 Re6 22. Rfe1 Rhe8 23. Rxe6 Rxe6 24. Nf1 Bf4 25. Bxf4 Qxf4 26. Qg3 Qxg3 27. Nxg3 f6 28. f3 Bg8 29. Kf2 Kc7 30. Ne2 g5 31. Rh1 Bf7 32. Ng3 g4 33. fxg4 hxg4 34. Re1 Rxe1 35. Kxe1 Kd7 36. Kf2 Ke6 37. Ke3 f5 38. Kf4 Bg6 39. Kg5 Bh7 40. Nh5 a5 41. Nf4+ Kf7 42. h5 1-0

[Event "BIH-chT Cup"]
[Site "Banja Vrucica"]
[Date "2013.08.11"]
[Round "2"]
[White "Cvijic, Nevenko"]
[Black "Stojicic, Slavko"]
[Result "1-0"]
[WhiteElo "2146"]
[BlackElo "2115"]
[PlyCount "93"]
[EventDate "2013.08.10"]
[EventType "team-tourn"]
[EventRounds "9"]
[EventCountry "BIH"]
[SourceTitle "CBM 155 Extra"]
[Source "ChessBase"]
[SourceDate "2013.08.26"]
[SourceVersion "1"]
[SourceVersionDate "2013.08.26"]
[SourceQuality "1"]

1. e4 c6 2. d4 d5 3. Nd2 dxe4 4. Nxe4 Bf5 5. Ng3 Bg6 6. h4 h6 7. Nf3 Nd7 8. Bd3 Bxd3 9. Qxd3 e6 10. Bd2 Qc7 11. Ne4 Ngf6 12. 0-0-0 Nxe4 13. Qxe4 Nf6 14. Qe2 Bd6 15. g3 0-0-0 16. c4 c5 17. Bc3 Kb8 18. dxc5 Qxc5 19. b4 Qf5 20. Rxd6 Rxd6 21. Be5 Ne4 22. Rd1 Nc3 23. Bxd6+ Ka8 24. Qd3 Nxd1 25. Qxf5 exf5 26. Kxd1 Re8 27. Kd2 b6 28. Be5 g6 29. Kd3 Kb7 30. c5 Kc6 31. Kc4 b5+ 32. Kd4 Rd8+ 33. Bd6 f6 34. h5 g5 35. Nd2 Re8 36. f3 Re2 37. Nb3 Rh2 38. Bf8 a6 39. Na5+ Kd7 40. c6+ Kc7 41. Kd5 Re2 42. Bd6+ Kc8 43. Kc5 Re6 44. Nb7 Re3 45. Kb6 Rxf3 46. Bc7 Rd3 47. Nd6+ 1-0